000 00995nas a2200325 4500
001 BR0201312
003 BR-BrBNA
005 20231205102818.0
007 ta
008 230509b bl.|||p| |||| 00| 00por d
040 _aBR-BrBNA
_bpor
_cBiblioteca Nacional de Agricultura
041 _a(Pt)
072 _aF62
100 1 _aSilva, D.B. da
100 1 _aJunqueira, N.T.V.
100 1 _aSilva, J.A. da
100 1 _aPereira, A.V.
100 1 _aSalviano, A.
100 1 _aJunqueira, G.D.
245 1 _aAvaliação do potencial de produção do "pequizeiro-anão" sob condições naturais na região Sul do Estado de Minas Gerais
650 _aPEQUI
650 _aPRODUÇÃO DE ALIMENTOS
650 _aHABITAT
650 _aGERMINAÇÃO
650 _aSEMENTE
650 _aMINAS GERAIS
773 0 _tRevista Brasileira de Fruticultura (Brazil)
_xISSN 0100-2945
_g(Dec 2001), v. 23(3) p. 726-729
_wBR0201312
909 _a202311
_bLúcia
_c55
_dLúcia Elande
942 _2AGRIS
_n0
_cANA
999 _c169458
_d169458